[Event "Guimaraes Open 2019"]
[Site "Guimaraes"]
[Date "2019.08.31"]
[Round "6.32"]
[White "Fidalgo, Daniel Neves"]
[Black "Basilio, Rodrigo"]
[Result "1/2-1/2"]
[WhiteElo "2089"]
[BlackElo "1782"]
[Annotator "NA RC"]
[PlyCount "70"]
[EventDate "2019.08.28"]
[EventType "swiss"]
[EventCountry "POR"]
[SourceTitle "playchess.com"]
[Source "ChessBase"]
[SourceQuality "1"]
[TimeControl "5400+30"]

1. c4 {[%emt 0:00:00]} Nf6 {[%emt 0:00:01]} 2. g3 {[%emt 0:00:00]} g6 {[%emt 0:00:12]} 3. Bg2 {[%emt 0:00:01]} Bg7 {[%emt 0:00:08]} 4. Nc3 {[%emt 0:00:12]} O-O {[%emt 0:00:31]} 5. e4 {[%emt 0:01:29]} d6 {[%emt 0:00:23]} 6. Nge2 {[%emt 0:00:09]} e5 {[%emt 0:00:30]} 7. O-O {[%emt 0:00:18]} Be6 {[%emt 0:01:21]} 8. d3 {[%emt 0:03:39]} c6 {[%emt 0:00:21]} 9. h3 {[%emt 0:04:15]} Nfd7 {[%emt 0:01:19]} 10. Be3 {[%emt 0:01:33]} a5 {[%emt 0:02:02]} 11. b3 {[%emt 0:00:31]} Qc7 {[%emt 0:00:45]} 12. d4 {[%emt 0:01:18]} exd4 {[%emt 0:01:53]} 13. Nxd4 {[%emt 0:02:17]} Nc5 {[%emt 0:00:23]} 14. Qd2 {[%emt 0:07:22]} Nba6 {[%emt 0:02:08]} 15. Rad1 {[%emt 0:00:38]} Rad8 {[%emt 0:01:38]} 16. f4 f5 {[%emt 0:00:58]} 17. Rfe1 {[%emt 0:11:21]} Bc8 {[%emt 0:02:44]} 18. exf5 {[%emt 0:06:41]} gxf5 {[%emt 0:04:11]} 19. Qc2 {[%emt 0:00:42]} a4 {[%emt 0:11:18]} 20. Qb1 {[%emt 0:08:14]} axb3 {[%emt 0:01:03]} 21. axb3 {[%emt 0:00:02]} Qa5 {[%emt 0:02:31]} 22. Na2 {[%emt 0:01:46]} Nb4 {[%emt 0:00:42]} 23. Nxb4 {[%emt 0:00:12]} Qxb4 {[%emt 0:00:07]} 24. Bf2 {[%emt 0:01:40]} Bxd4 {[%emt 0:04:16]} 25. Rxd4 {[%emt 0:18:14]} Qxb3 {[%emt 0:00:39]} 26. Rxd6 {[%emt 0:04:56]} Rxd6 {[%emt 0:01:59]} 27. Bxc5 {[%emt 0:00:07]} Qxc4 {[%emt 0:02:45]} 28. Qb6 {[%emt 0:04:27]} Re6 {[%emt 0:06:40]} 29. Rxe6 {[%emt 0:01:07]} Qxe6 {[%emt 0:00:20]} 30. Bxf8 {[%emt 0:00:13]} Kxf8 {[%emt 0:00:11]} 31. Qd8+ {[%emt 0:01:54]} Kg7 {[%emt 0:02:04]} 32. Qg5+ {[%emt 0:01:53]} Kf7 {[%emt 0:00:42]} 33. Bf3 Qe1+ {[%emt 0:01:09]} 34. Kg2 {[%emt 0:00:38]} Qd2+ {[%emt 0:00:15]} 35. Kg1 {[%emt 0:00:06]} Qe1+ $11 {[%emt 0:00:41]} (35... Qd6 $17 36. Qh5+ Kg7) 1/2-1/2

[Event "Guimaraes Open 2019"]
[Site "Guimaraes"]
[Date "2019.08.31"]
[Round "6.33"]
[White "Sanleon Pravisano, Nieves"]
[Black "Silva, Daniel Frederico V"]
[Result "1/2-1/2"]
[WhiteElo "1995"]
[BlackElo "1655"]
[Annotator "NA RC"]
[PlyCount "69"]
[EventDate "2019.08.28"]
[EventType "swiss"]
[EventCountry "POR"]
[SourceTitle "playchess.com"]
[Source "ChessBase"]
[SourceQuality "1"]
[TimeControl "5400+30"]

1. d4 {[%emt 0:00:00]} d5 {[%emt 0:01:23]} 2. c4 {[%emt 0:00:00]} e6 {[%emt 0:01:07]} 3. Nc3 {[%emt 0:00:10]} Nf6 {[%emt 0:02:15]} 4. Bg5 {[%emt 0:00:07]} Nbd7 {[%emt 0:01:15]} 5. Nf3 {[%emt 0:00:05]} Be7 {[%emt 0:02:28]} 6. e3 {[%emt 0:01:03]} c6 {[%emt 0:01:34]} 7. Bd3 {[%emt 0:00:39]} h6 {[%emt 0:03:48]} 8. Bh4 {[%emt 0:00:30]} O-O {[%emt 0:00:29]} 9. O-O {[%emt 0:00:25]} b6 {[%emt 0:02:16]} 10. Bg3 {[%emt 0:05:33] D60: Queen's Gambit Declined: Classical: Unusual White 7th moves} (10. Qe2 Bb7 11. Rad1 Re8 12. Rfe1 a6 13. Ne5 c5 14. Nxd7 Nxd7 15. Bxe7 Qxe7 16. cxd5 exd5 17. Bf5 Nf6 {1-0 (72) Morozevich,A (2763)-Kovalenko,I (2587) Jurmala 2012}) 10... Bb7 {[%emt 0:02:06]} 11. Ne5 $146 {[%emt 0:02:47]} ({Predecessor:} 11. Qe2 dxc4 12. Bxc4 b5 13. Bd3 b4 14. Na4 Qa5 15. b3 c5 16. Rac1 Rac8 17. dxc5 Nxc5 18. Nxc5 Rxc5 {½-½ (58) Gupta,A (2551)-Levin,F (2564) Benasque 2008}) 11... Nxe5 {[%emt 0:03:47]} 12. dxe5 {[%emt 0:00:42]} Nd7 {[%emt 0:00:19]} 13. cxd5 {[%emt 0:00:18]} exd5 {[%emt 0:02:46]} 14. f4 {[%emt 0:04:39]} Nc5 {[%emt 0:07:18]} 15. Bb1 {[%emt 0:07:36]} Ba6 {[%emt 0:03:25]} 16. Rf2 {[%emt 0:06:10]} f5 {[%emt 0:04:40]} 17. exf6 {[%emt 0:07:16]} Rxf6 {[%emt 0:01:39]} 18. b4 {[%emt 0:05:13]} Nb7 {[%emt 0:04:08]} 19. b5 {[%emt 0:13:44]} Bxb5 {[%emt 0:01:23]} 20. Nxb5 {[%emt 0:00:07]} cxb5 {[%emt 0:00:23]} 21. Qd3 {[%emt 0:00:18]} Re6 {[%emt 0:09:26]} 22. h4 {[%emt 0:08:54]} Nc5 {[%emt 0:07:16]} 23. Qh7+ {[%emt 0:01:03]} Kf8 {[%emt 0:02:40]} 24. Bg6 {[%emt 0:06:59]} Bf6 {[%emt 0:01:35]} 25. Rd1 $11 {[%emt 0:04:25]} Ne4 {[%emt 0:05:23]} 26. Bxe4 {[%emt 0:00:20]} Rxe4 {[%emt 0:00:09]} 27. Rfd2 {[%emt 0:00:22]} Rxe3 {[%emt 0:04:44]} 28. Rxd5 {[%emt 0:00:21]} Qe8 {[%emt 0:02:02]} 29. Bf2 {[%emt 0:04:14]} Re7 {[%emt 0:05:11]} 30. g4 {[%emt 0:01:58]} Rc8 {[%emt 0:03:07]} 31. g5 {[%emt 0:01:00]} g6 {[%emt 0:00:29]} 32. Qxh6+ {[%emt 0:01:21]} Bg7 33. Qh7 Bc3 34. Qh6+ Kg8 35. h5 {Kf8} 1/2-1/2

[Event "Guimaraes Open 2019"]
[Site "Guimaraes"]
[Date "2019.08.31"]
[Round "6.34"]
[White "Soares, Sara Joana De Moura "]
[Black "Pinheiro, Albano"]
[Result "0-1"]
[WhiteElo "1597"]
[BlackElo "1989"]
[Annotator "NA RC"]
[PlyCount "64"]
[EventDate "2019.08.28"]
[EventType "swiss"]
[EventCountry "POR"]
[SourceTitle "playchess.com"]
[Source "ChessBase"]
[SourceQuality "1"]
[TimeControl "5400+30"]

1. d4 {[%emt 0:00:00]} Nf6 2. c4 {[%emt 0:00:23]} e5 {[%emt 0:00:00]} 3. dxe5 {[%emt 0:01:13]} Ng4 {[%emt 0:00:00]} 4. Nc3 {[%emt 0:01:12]} Nxe5 {[%emt 0:01:59]} 5. b3 {[%emt 0:02:26]} Bc5 {[%emt 0:03:30]} (5... Bb4 6. Bb2 O-O 7. g3 a5 8. a3 Bxc3+ 9. Bxc3 d6 10. Bg2 Nbc6 11. Nf3 a4 12. Nxe5 dxe5 {½-½ (28) Nikolov,M (2567)-Kotronias,V (2482) Zagreb 2018}) 6. Bb2 {[%emt 0:05:38] A52: Budapest Gambit} O-O {[%emt 0:03:36]} 7. g3 {[%emt 0:03:14]} Re8 $146 {[%emt 0:03:43]} ({Predecessor:} 7... Nbc6 8. Bg2 d6 9. Nf3 Nxf3+ 10. Bxf3 Bh3 11. Nd5 Ne5 12. Be4 {0-1 (42) Kovar,P-Prazak,J Svetla nad Sazavou 1997}) 8. Bg2 {[%emt 0:03:16]} Bxf2+ {[%emt 0:10:39]} 9. Kxf2 {[%emt 0:13:16]} Ng4+ {[%emt 0:01:02]} 10. Ke1 {[%emt 0:01:06]} Ne3 {[%emt 0:00:08]} 11. Qd2 {[%emt 0:06:56]} Nxg2+ {[%emt 0:00:23]} 12. Kf2 {[%emt 0:00:20]} Ne3 {[%emt 0:00:16]} 13. Nf3 {[%emt 0:00:26]} Ng4+ {[%emt 0:08:00]} 14. Kg2 {[%emt 0:01:55]} Nc6 {[%emt 0:00:52]} 15. Nd5 {[%emt 0:02:35]} d6 {[%emt 0:04:08]} 16. Rhe1 {[%emt 0:03:49]} Nge5 {[%emt 0:03:24]} 17. Nxe5 {[%emt 0:01:47]} Nxe5 {[%emt 0:02:16]} 18. e4 {[%emt 0:01:48]} Bg4 {[%emt 0:08:22]} 19. Rf1 {[%emt 0:07:45]} Qd7 {[%emt 0:03:59]} 20. Rf2 {[%emt 0:10:21]} Rac8 {[%emt 0:09:13]} 21. Qg5 {[%emt 0:07:43]} Kh8 $17 {[%emt 0:02:24]} 22. Ne3 {[%emt 0:02:54]} f6 {[%emt 0:03:03]} 23. Qh4 {[%emt 0:01:04]} Be6 {[%emt 0:01:35]} 24. Nf5 {[%emt 0:01:42]} Bxf5 {[%emt 0:00:20]} 25. Rxf5 {[%emt 0:01:16]} Ng6 {[%emt 0:05:30]} 26. Qh5 {[%emt 0:08:39]} Rxe4 {[%emt 0:07:47]} 27. Bxf6 {[%emt 0:06:52]} gxf6 {[%emt 0:01:04]} 28. Rxf6 {[%emt 0:00:01]} Re6 {[%emt 0:01:20]} 29. Raf1 {[%emt 0:01:02]} Rxf6 {[%emt 0:00:09]} 30. Rxf6 {[%emt 0:00:01]} Kg7 {[%emt 0:01:37]} 31. Qf3 {[%emt 0:00:30]} Qc6 {[%emt 0:01:42]} 32. Rf7+ {[%emt 0:00:16]} Kg8 {[%emt 0:00:11]} 0-1

[Event "Guimaraes Open 2019"]
[Site "Guimaraes"]
[Date "2019.08.31"]
[Round "6.35"]
[White "Pina, Tiago"]
[Black "Gonzalez Eiris, Daniel"]
[Result "0-1"]
[WhiteElo "1548"]
[BlackElo "1977"]
[Annotator "NA RC"]
[PlyCount "60"]
[EventDate "2019.08.28"]
[EventType "swiss"]
[EventCountry "POR"]
[SourceTitle "playchess.com"]
[Source "ChessBase"]
[SourceQuality "1"]
[TimeControl "5400+30"]

1. e4 {[%emt 0:00:00]} c5 {[%emt 0:00:30]} 2. Nf3 {[%emt 0:00:00]} d6 {[%emt 0:00:03]} 3. d4 {[%emt 0:00:00]} cxd4 {[%emt 0:00:04]} 4. Nxd4 {[%emt 0:00:00]} Nf6 {[%emt 0:00:03]} 5. Nc3 {[%emt 0:00:06]} a6 {[%emt 0:00:02]} 6. Bd3 {[%emt 0:00:12]} e5 {[%emt 0:00:14]} 7. Nf5 {[%emt 0:00:05]} Bxf5 {[%emt 0:07:24]} 8. exf5 {[%emt 0:00:03]} d5 {[%emt 0:00:12]} 9. Bg5 {[%emt 0:00:18]} Be7 {[%emt 0:00:19]} 10. Bxf6 {[%emt 0:00:10]} Bxf6 {[%emt 0:00:39]} 11. Be2 {[%emt 0:00:06]} d4 {[%emt 0:00:41]} 12. Ne4 {[%emt 0:00:07]} O-O {[%emt 0:00:59]} 13. Nxf6+ {[%emt 0:08:55]} Qxf6 {[%emt 0:00:08]} 14. Bd3 {[%emt 0:05:10]} Nd7 {[%emt 0:03:51]} 15. O-O {[%emt 0:00:39]} Rfe8 {[%emt 0:00:23]} 16. Re1 {[%emt 0:00:20]} Nc5 {[%emt 0:00:10]} 17. f3 {[%emt 0:01:10]} g6 {[%emt 0:03:08]} 18. fxg6 {[%emt 0:01:31]} hxg6 {[%emt 0:00:05]} 19. b3 {[%emt 0:16:59]} Kg7 {[%emt 0:01:43]} 20. c4 {[%emt 0:07:32]} Rh8 {[%emt 0:01:06]} 21. Qe2 {[%emt 0:10:37]} Rae8 {[%emt 0:00:07]} 22. Be4 {[%emt 0:07:25]} Ne6 {[%emt 0:06:23]} 23. g3 {[%emt 0:06:00]} Ng5 {[%emt 0:04:14]} 24. Kg2 {[%emt 0:05:44]} Qe6 {[%emt 0:11:34]} 25. Bxb7 {[%emt 0:05:36]} d3 {[%emt 0:03:02]} 26. Qf2 {[%emt 0:06:11]} Rxh2+ {[%emt 0:00:19]} 27. Kxh2 {[%emt 0:00:16]} Rh8+ {[%emt 0:00:03]} 28. Kg1 {[%emt 0:00:48]} Nh3+ {[%emt 0:00:05]} 29. Kg2 {[%emt 0:00:12]} Nxf2 {[%emt 0:00:42]} 30. Kxf2 {[%emt 0:00:05]} Rh2+ {[%emt 0:00:11]} 0-1

[Event "Guimaraes Open 2019"]
[Site "Guimaraes"]
[Date "2019.08.31"]
[Round "6.36"]
[White "Silva, Pedro Gil Ferreira D"]
[Black "Sarabando, Rodrigo Andias"]
[Result "1-0"]
[WhiteElo "1960"]
[BlackElo "1428"]
[Annotator "NA RC"]
[PlyCount "120"]
[EventDate "2019.08.28"]
[EventType "swiss"]
[EventCountry "POR"]
[SourceTitle "playchess.com"]
[Source "ChessBase"]
[SourceQuality "1"]
[TimeControl "5400+30"]

1. e4 {[%emt 0:00:00]} d5 {[%emt 0:00:07]} 2. exd5 {[%emt 0:00:00]} Qxd5 {[%emt 0:05:27]} 3. Nc3 {[%emt 0:00:00]} Qa5 {[%emt 0:00:07]} 4. Nf3 {[%emt 0:01:10]} Nf6 {[%emt 0:00:22]} 5. g3 {[%emt 0:00:31]} c6 {[%emt 0:00:20]} 6. Bg2 {[%emt 0:00:17]} Bg4 {[%emt 0:00:51]} 7. d3 {[%emt 0:00:29]} e6 {[%emt 0:00:14]} 8. O-O {[%emt 0:00:53]} Bd6 {[%emt 0:01:07]} 9. Bd2 {[%emt 0:00:41]} Qc7 {[%emt 0:00:50]} 10. h3 {[%emt 0:03:03]} Bh5 {[%emt 0:00:41]} 11. Rb1 {[%emt 0:01:24]} a5 {[%emt 0:02:30]} 12. Ne2 {[%emt 0:03:31]} Nd5 {[%emt 0:02:11]} 13. a3 {[%emt 0:00:49]} Bxf3 {[%emt 0:02:05]} 14. Bxf3 {[%emt 0:00:07]} Nd7 {[%emt 0:00:08]} 15. Bg2 {[%emt 0:01:09]} O-O {[%emt 0:02:59]} 16. c4 {[%emt 0:02:03]} N5f6 {[%emt 0:00:13]} 17. Nc3 {[%emt 0:05:32]} e5 {[%emt 0:01:55]} 18. b4 {[%emt 0:03:53]} Rfe8 {[%emt 0:01:48]} 19. Be3 {[%emt 0:04:57]} Bf8 {[%emt 0:01:46]} 20. Qb3 {[%emt 0:03:40]} Rab8 {[%emt 0:04:24]} 21. Rfd1 {[%emt 0:04:54]} axb4 {[%emt 0:02:45]} 22. axb4 {[%emt 0:00:14]} b6 {[%emt 0:01:11]} 23. Ra1 {[%emt 0:02:30]} Rb7 {[%emt 0:09:12]} 24. b5 {[%emt 0:00:25]} c5 {[%emt 0:00:40]} 25. Bxb7 {[%emt 0:00:49]} Qxb7 {[%emt 0:00:09]} 26. Qc2 {[%emt 0:00:28]} g6 {[%emt 0:00:34]} 27. Ra2 {[%emt 0:00:40]} Ra8 {[%emt 0:00:32]} 28. Rda1 {[%emt 0:00:17]} Rxa2 {[%emt 0:00:09]} 29. Qxa2 {[%emt 0:00:08]} h5 {[%emt 0:00:38]} 30. Qa8 {[%emt 0:00:08]} Qxa8 {[%emt 0:01:27]} 31. Rxa8 {[%emt 0:00:23]} Kg7 {[%emt 0:04:55]} 32. Ne4 {[%emt 0:01:18]} Nxe4 {[%emt 0:04:30]} 33. dxe4 {[%emt 0:00:12]} Kf6 {[%emt 0:01:20]} 34. Ra7 {[%emt 0:00:22]} Ke6 {[%emt 0:01:00]} 35. f4 {[%emt 0:01:34]} Bd6 {[%emt 0:02:56]} 36. f5+ {[%emt 0:02:29]} Ke7 {[%emt 0:00:50]} 37. Bg5+ {[%emt 0:00:38]} Ke8 {[%emt 0:00:19]} 38. g4 {[%emt 0:00:36]} gxf5 {[%emt 0:00:35]} 39. gxf5 {[%emt 0:00:53]} f6 {[%emt 0:00:49]} 40. Bh6 {[%emt 0:00:03]} Bb8 {[%emt 0:01:07]} 41. Ra6 {[%emt 0:00:18]} Bd6 {[%emt 0:03:42]} 42. Kg2 {[%emt 0:00:17]} Bf8 {[%emt 0:00:22]} 43. Ra8+ {[%emt 0:00:07]} Ke7 {[%emt 0:00:57]} 44. Bxf8+ {[%emt 0:00:05]} Nxf8 {[%emt 0:00:32]} 45. Rb8 {[%emt 0:00:06]} Nd7 {[%emt 0:00:45]} 46. Rb7 {[%emt 0:00:03]} Kd8 {[%emt 0:00:11]} 47. Kg3 {[%emt 0:00:04]} Kc8 {[%emt 0:00:54]} 48. Rxd7 {[%emt 0:00:13]} Kxd7 {[%emt 0:00:24]} 49. Kh4 {[%emt 0:00:04]} Ke8 {[%emt 0:01:05]} 50. Kxh5 {[%emt 0:00:04]} Kf8 {[%emt 0:01:08]} 51. Kg6 {[%emt 0:00:05]} Ke7 52. Kg7 {[%emt 0:00:03]} Kd7 {[%emt 0:00:43]} 53. h4 {[%emt 0:00:05]} Ke7 {[%emt 0:00:14]} 54. h5 {[%emt 0:00:03]} Kd7 {[%emt 0:00:21]} 55. h6 {[%emt 0:00:06]} Ke7 {[%emt 0:00:26]} 56. h7 {[%emt 0:00:09]} Kd7 {[%emt 0:00:24]} 57. h8=Q {[%emt 0:00:09]} Ke7 {[%emt 0:00:11]} 58. Qf8+ {[%emt 0:00:20]} Kd7 {[%emt 0:00:05]} 59. Kxf6 {[%emt 0:00:10]} Kc7 {[%emt 0:00:20]} 60. Qe7+ {[%emt 0:00:09]} Kb8 1-0

[Event "Guimaraes Open 2019"]
[Site "Guimaraes"]
[Date "2019.09.01"]
[Round "7.1"]
[White "Grigoryan, Karen H."]
[Black "Lizak, Peter"]
[Result "1/2-1/2"]
[WhiteElo "2562"]
[BlackElo "2448"]
[Annotator "ChessBase"]
[PlyCount "120"]
[EventDate "2019.08.28"]
[EventType "swiss"]
[EventCountry "POR"]
[SourceTitle "playchess.com"]
[Source "ChessBase"]
[SourceQuality "1"]
[TimeControl "5400+30"]

1. Nf3 {[%emt 0:00:33]} Nf6 {[%emt 0:00:02]} 2. d4 {[%emt 0:00:23]} e6 {[%emt 0:01:27]} 3. c4 {[%emt 0:00:06]} a6 {[%emt 0:01:10]} 4. Nc3 {[%emt 0:00:21]} d5 {[%emt 0:00:46]} 5. cxd5 {[%emt 0:00:05]} exd5 {[%emt 0:00:06]} 6. Qb3 {[%emt 0:00:52]} c6 {[%emt 0:08:54]} 7. Bg5 {[%emt 0:00:43]} Nbd7 {[%emt 0:03:52]} 8. e4 {[%emt 0:07:54]} Qb6 {[%emt 0:11:48]} 9. e5 {[%emt 0:08:23]} Qxb3 {[%emt 0:17:52]} 10. axb3 {[%emt 0:00:21]} Ne4 {[%emt 0:00:43]} 11. Nxe4 {[%emt 0:01:17]} dxe4 {[%emt 0:00:07]} 12. Nd2 {[%emt 0:00:05]} f6 {[%emt 0:07:18]} 13. exf6 {[%emt 0:01:33]} Nxf6 {[%emt 0:00:17]} 14. O-O-O {[%emt 0:09:34]} Bf5 {[%emt 0:08:54]} 15. Nc4 {[%emt 0:05:48]} b5 {[%emt 0:12:05]} 16. Ne5 {[%emt 0:13:34]} Be6 {[%emt 0:00:39]} 17. Kc2 {[%emt 0:06:32]} Nd5 {[%emt 0:02:47]} 18. Be2 {[%emt 0:03:19]} Bd6 {[%emt 0:09:06]} 19. f3 {[%emt 0:06:21]} h6 {[%emt 0:04:40]} 20. Bd2 {[%emt 0:02:45]} e3 {[%emt 0:01:52]} 21. Ba5 {[%emt 0:00:04]} Nf4 {[%emt 0:01:55]} 22. Bd3 {[%emt 0:00:25]} O-O {[%emt 0:01:14]} 23. Be4 {[%emt 0:02:27]} Nxg2 {[%emt 0:01:11]} 24. Nxc6 {[%emt 0:00:43]} Rae8 {[%emt 0:02:00]} 25. Bb4 {[%emt 0:08:55]} Bxb4 {[%emt 0:00:15]} 26. Nxb4 {[%emt 0:00:04]} e2 {[%emt 0:00:24]} 27. Rde1 {[%emt 0:00:38]} Nxe1+ {[%emt 0:00:35]} 28. Rxe1 {[%emt 0:00:04]} Rc8+ {[%emt 0:01:21]} 29. Nc6 {[%emt 0:00:13]} Rfd8 {[%emt 0:00:34]} 30. Kd3 {[%emt 0:00:36]} Rd7 {[%emt 0:00:28]} 31. b4 {[%emt 0:01:12]} Kf8 {[%emt 0:00:35]} 32. Ne5 {[%emt 0:03:07]} Bc4+ {[%emt 0:00:26]} 33. Ke3 {[%emt 0:00:05]} Rd6 {[%emt 0:00:13]} 34. h4 {[%emt 0:01:56]} Rcd8 {[%emt 0:00:06]} 35. Nxc4 {[%emt 0:00:32]} bxc4 {[%emt 0:00:02]} 36. d5 {[%emt 0:00:07]} Rxd5 {[%emt 0:01:01]} 37. Bxd5 {[%emt 0:00:07]} Rxd5 {[%emt 0:00:03]} 38. Rxe2 {[%emt 0:03:44]} Rd3+ {[%emt 0:00:26]} 39. Ke4 {[%emt 0:03:11]} Rb3 {[%emt 0:00:02]} 40. Kd4 {[%emt 0:03:00]} Rxb4 {[%emt 0:00:02]} 41. h5 {[%emt 0:00:21]} Kf7 {[%emt 0:01:27]} 42. Kc3 {[%emt 0:02:39]} Rb3+ {[%emt 0:01:24]} 43. Kxc4 {[%emt 0:00:04]} Rxf3 {[%emt 0:00:05]} 44. b4 {[%emt 0:00:20]} Rf4+ {[%emt 0:00:38]} 45. Kb3 {[%emt 0:01:21]} Rf5 {[%emt 0:00:26]} 46. Rh2 {[%emt 0:00:50]} g6 {[%emt 0:01:04]} 47. Ra2 {[%emt 0:01:41]} Rf6 {[%emt 0:00:19]} 48. hxg6+ {[%emt 0:02:11]} Kxg6 {[%emt 0:00:11]} 49. Kc4 {[%emt 0:00:06]} h5 {[%emt 0:00:08]} 50. Kd4 {[%emt 0:00:31]} h4 {[%emt 0:00:20]} 51. Ke5 {[%emt 0:00:49]} h3 {[%emt 0:01:23]} 52. Rh2 {[%emt 0:02:15]} Rf5+ {[%emt 0:00:37]} 53. Ke4 {[%emt 0:00:13]} Rh5 {[%emt 0:00:06]} 54. Kf4 {[%emt 0:00:16]} Kf6 {[%emt 0:00:34]} 55. Kg4 {[%emt 0:00:13]} Rb5 {[%emt 0:00:38]} 56. Ra2 {[%emt 0:00:22]} Rxb4+ {[%emt 0:00:12]} 57. Kxh3 {[%emt 0:00:06]} Rb6 {[%emt 0:00:04]} 58. Ra5 {[%emt 0:00:27]} Ke7 {[%emt 0:00:06]} 59. Kg4 {[%emt 0:00:07]} Rf6 {[%emt 0:00:04]} 60. Kg5 {[%emt 0:00:52]} Rb6 1/2-1/2

[Event "Guimaraes Open 2019"]
[Site "Guimaraes"]
[Date "2019.09.01"]
[Round "7.2"]
[White "Martin Duque, Jesus"]
[Black "Schou, Bjorn A"]
[Result "1-0"]
[WhiteElo "2353"]
[BlackElo "1257"]
[Annotator "NA"]
[PlyCount "137"]
[EventDate "2019.08.28"]
[EventType "swiss"]
[EventCountry "POR"]
[SourceTitle "playchess.com"]
[Source "ChessBase"]
[SourceQuality "1"]
[TimeControl "5400+30"]

1. e4 {[%emt 0:01:22]} c5 {[%emt 0:00:00]} 2. Nf3 {[%emt 0:00:02]} e6 {[%emt 0:00:00]} 3. d4 {[%emt 0:00:03]} cxd4 {[%emt 0:00:00]} 4. Nxd4 {[%emt 0:00:02]} Nc6 {[%emt 0:00:05]} 5. Nc3 {[%emt 0:00:46]} Qc7 {[%emt 0:00:06]} 6. Be2 {[%emt 0:00:18]} a6 {[%emt 0:00:20]} 7. Be3 {[%emt 0:00:29]} Nf6 {[%emt 0:00:11]} 8. O-O {[%emt 0:00:08]} Bb4 {[%emt 0:01:37]} 9. Na4 {[%emt 0:00:11]} Bd6 {[%emt 0:12:12]} 10. g3 {[%emt 0:03:47]} Nxe4 {[%emt 0:08:17] B49: Sicilian: Taimanov: 5 Nc3 Qc7 6 Be3 a6 7 Be2} (10... b5 11. Nb6 Rb8 12. Nxc8 Rxc8 13. a4 Nxd4 14. Qxd4 Be5 15. Qb4 Bd6 16. Qd4 Be5 17. Qb4 Bd6 18. Qd4 {½-½ (18) Smeets,J (2619)-Mchedlishvili,M (2623) Germany 2012}) 11. Bf3 {[%emt 0:15:34]} f5 {[%emt 0:13:20]} 12. Nxc6 {[%emt 0:27:31]} Qxc6 {[%emt 0:01:32]} 13. Nb6 {[%emt 0:06:08]} Rb8 {[%emt 0:00:04]} 14. Bxe4 {[%emt 0:08:24]} fxe4 {[%emt 0:00:03]} 15. Qd4 $146 {[%emt 0:01:56]} ({Predecessor:} 15. Qh5+ g6 16. Qh6 Be5 17. Bf4 Bxf4 18. Qxf4 Qxb6 19. Qxb8 {1-0 (56) Soumya,S (2336)-Tokhirjanova,H (2126) Sharjah 2014}) 15... e5 {[%emt 0:28:10]} 16. Qd2 {[%emt 0:04:59]} O-O {[%emt 0:03:00]} 17. Rfd1 {[%emt 0:04:05]} Rf6 {[%emt 0:00:26]} 18. c4 {[%emt 0:02:40]} Bc5 {[%emt 0:04:20]} 19. Qd5+ {[%emt 0:05:18]} Qxd5 {[%emt 0:00:50]} 20. Nxd5 {[%emt 0:00:01]} Rc6 {[%emt 0:00:23]} 21. Bxc5 {[%emt 0:03:14]} Rxc5 {[%emt 0:00:03]} 22. Rac1 {[%emt 0:01:12]} Kf7 {[%emt 0:03:57]} 23. Nb6 {[%emt 0:00:05]} Ke7 {[%emt 0:02:52]} 24. b4 {[%emt 0:00:17]} Rc6 {[%emt 0:00:46]} 25. c5 {[%emt 0:00:01]} Ke8 {[%emt 0:07:27]} 26. Rd6 {[%emt 0:00:33]} Ke7 {[%emt 0:06:21]} 27. Rcd1 {[%emt 0:00:10]} a5 {[%emt 0:00:19]} 28. a3 {[%emt 0:00:07]} axb4 {[%emt 0:00:44]} 29. axb4 {[%emt 0:00:01]} Rxb6 {[%emt 0:02:11]} 30. Rxb6 {[%emt 0:00:01]} Ra8 {[%emt 0:00:07]} 31. Re1 {[%emt 0:00:03]} d5 {[%emt 0:01:21]} 32. cxd6+ {[%emt 0:00:02]} Ke6 {[%emt 0:00:26]} 33. Rxe4 {[%emt 0:00:22]} Ra1+ {[%emt 0:00:38]} 34. Kg2 {[%emt 0:00:00]} Kf5 $18 {[%emt 0:03:11]} (34... Bd7 $142 35. b5 (35. Rxb7 Bc6 $18) 35... Ra2 36. Rxb7 Rb2 37. Rxe5+ Kxe5) 35. Re2 {[%emt 0:00:39]} Bd7 {[%emt 0:00:03]} 36. f3 {[%emt 0:00:14]} Rd1 {[%emt 0:00:24]} 37. Kf2 {[%emt 0:00:59]} h5 {[%emt 0:00:44]} 38. Ke3 {[%emt 0:00:33]} Ke6 {[%emt 0:00:02]} 39. Rd2 {[%emt 0:00:09]} Re1+ {[%emt 0:00:40]} 40. Kf2 {[%emt 0:00:05]} Rh1 {[%emt 0:00:10]} 41. Kg2 {[%emt 0:00:07]} Rb1 {[%emt 0:00:28]} 42. Rxb7 {[%emt 0:00:12]} g5 {[%emt 0:00:11]} 43. Kf2 {[%emt 0:00:46]} g4 {[%emt 0:00:39]} 44. fxg4 {[%emt 0:00:15]} hxg4 {[%emt 0:00:04]} 45. Ke3 {[%emt 0:01:14]} Re1+ {[%emt 0:02:30]} 46. Kd3 {[%emt 0:05:27]} e4+ {[%emt 0:00:02]} 47. Kd4 {[%emt 0:00:59]} e3 {[%emt 0:00:16]} 48. Rd3 {[%emt 0:01:02]} e2 {[%emt 0:00:59]} 49. Ke3 {[%emt 0:00:09]} Rh1 {[%emt 0:01:25]} 50. Kxe2 {[%emt 0:00:08]} Rxh2+ {[%emt 0:00:02]} 51. Ke3 {[%emt 0:00:19]} Rc2 {[%emt 0:00:56]} 52. Kf4 {[%emt 0:00:35]} Rc4+ {[%emt 0:00:02]} 53. Kg5 {[%emt 0:00:07]} Re4 {[%emt 0:00:12]} 54. Kh4 {[%emt 0:00:34]} Re1 {[%emt 0:01:18]} 55. Kxg4 {[%emt 0:00:38]} Re2 {[%emt 0:00:03]} 56. Rxd7 {[%emt 0:00:33]} Kxd7 {[%emt 0:00:03]} 57. Rd4 {[%emt 0:00:04]} Re8 {[%emt 0:01:08]} 58. Kf4 {[%emt 0:00:32]} Rf8+ {[%emt 0:00:04]} 59. Ke3 {[%emt 0:00:10]} Rh8 {[%emt 0:00:18]} 60. g4 {[%emt 0:00:07]} Rf8 {[%emt 0:01:08]} 61. Ke4 {[%emt 0:00:54]} Rf1 {[%emt 0:00:21]} 62. g5 {[%emt 0:00:33]} Rf2 {[%emt 0:00:12]} 63. b5 {[%emt 0:00:59]} Rf1 {[%emt 0:00:49]} 64. b6 {[%emt 0:00:13]} Re1+ {[%emt 0:00:49]} 65. Kf5 {[%emt 0:00:08]} Rf1+ {[%emt 0:00:15]} 66. Kg6 {[%emt 0:00:01]} Rg1 {[%emt 0:00:45]} 67. Rb4 {[%emt 0:00:18]} Re1 {[%emt 0:00:35]} 68. b7 {[%emt 0:00:12]} Re6+ {[%emt 0:00:17]} 69. Kh5 {[%emt 0:00:04]} 1-0